Little men
Đã lưu trong:
| 主要作者: | |
|---|---|
| 格式: | 圖書 |
| 語言: | Undetermined |
| 出版: |
London
Puffin Books
2004
|
| 主題: | |
| 標簽: |
添加標簽
沒有標簽, 成為第一個標記此記錄!
|
| Thư viện lưu trữ: | Trung tâm Học liệu Trường Đại học Cần Thơ |
|---|
| LEADER | 00562nam a2200217Ia 4500 | ||
|---|---|---|---|
| 001 | CTU_94867 | ||
| 008 | 210402s9999 xx 000 0 und d | ||
| 020 | |c 120000 | ||
| 082 | |a 823.8 | ||
| 082 | |b A355 | ||
| 100 | |a Alcott, Louisa May | ||
| 245 | 0 | |a Little men | |
| 245 | 0 | |c Louisa May Alcott | |
| 260 | |a London | ||
| 260 | |b Puffin Books | ||
| 260 | |c 2004 | ||
| 650 | |a New England,English literature | ||
| 650 | |x Fiction,History | ||
| 650 | |y 19th century,19th century | ||
| 904 | |i Giang | ||
| 980 | |a Trung tâm Học liệu Trường Đại học Cần Thơ | ||